Mighty Morphin Power Rangers : the complete series /

A team of teenagers with attitude are recruited and try save Angel Grove from the evil witch Rita Repulsa and later Lord Zedd Emperor of all he sees and their horde of monsters.

Bibliographic Details
Corporate Authors: Shout! Factory (Firm), Saban Entertainment (Firm)
Other Authors: Johnson, Amy Jo (Actor), Horvitz, Richard, 1966- (Actor), Yost, David (Actor) (Actor), Ward, Brian (Producer)
Format: Video DVD
Language:English
Language Notes:English language soundtrack; closed-captioned.
Published: Los Angeles, Calif. : Shout! Factory, [2012]
Subjects:

MARC

Tag First Indicator Second Indicator Subfields
LEADER 00000cgm a2200000Ia 4500
001 in00002782656
005 20150922151739.0
007 vd cvaizu
008 121129s2012 cau vleng d
020 |a 9781603998239 
020 |a 1603998233 
024 1 0 |a 826663134407 
028 4 2 |a SF13440  |b Shout! Factory (set) 
028 4 2 |a SF13458  |b Shout! Factory (Bonus features) 
028 4 2 |a SF13447  |b Shout! Factory (Season 2; vol. 1) 
028 4 2 |a SF13450  |b Shout! Factory (Season 2; vol. 2) 
028 4 2 |a SF13441  |b Shout! Factory (Season 1; vol. 1) 
028 4 2 |a SF13444  |b Shout! Factory (Season 1; vol. 1) 
028 4 2 |a SF13453  |b Shout! Factory (Season 3) 
035 |a (OCoLC)ocn824379268 
035 |a (OCoLC)824379268 
040 |a TXA  |c TXA  |d UtOrBLW 
041 1 |a eng  |j eng 
049 |a TXAM 
050 4 |a PN1992.77  |b .M54 2012 
090 |a PN1992.77.M542  |b M54 2012 
245 0 0 |a Mighty Morphin Power Rangers :  |b the complete series /  |c [DVD producer, Brian Ward]. 
246 3 0 |a Power Rangers 
246 3 0 |a Saban's Mighty Morphin Power Rangers 
264 1 |a Los Angeles, Calif. :  |b Shout! Factory,  |c [2012] 
300 |a 17 videodisc :  |b sound, color ;  |c 4 3/4 in. +  |e 1 booklet (39 pages ; 19 cm) + bonus features (2 videodiscs: sound, color ; 4 3/4 in.) 
336 |a two-dimensional moving image  |b tdi  |2 rdacontent 
337 |a video  |b v  |2 rdamedia 
338 |a videodisc  |b vd  |2 rdacarrier 
538 |a DVD, region 1, NTSC. 
546 |a English language soundtrack; closed-captioned. 
511 0 |a Amy Jo Johnson, Richard Steven Horvitz, David Yost. 
508 |a Cinematography, Ilan Rosenberg. 
500 |a Originally broadcast on television in 1993-1996. 
521 8 |a Television rating: TV-Y7 FV. 
520 |a A team of teenagers with attitude are recruited and try save Angel Grove from the evil witch Rita Repulsa and later Lord Zedd Emperor of all he sees and their horde of monsters. 
500 |a Booklet (39 pages; col. ill.) with character bios included in container. 
500 |a Includes 10-episode Alien Rangers miniseries and 2 discs of bonus archival materials. 
500 |a Bonus features include (on 2 discs) featurettes: Morphin Time! ; A morphnomenal cast ; the Fans power up! ; Lord Zedd's monster heads ; Alpha's magical Christmas ; rare Mighty Morphin Power Rogers Fun Club video ; MMPR Carate Club, etc. 
500 |a "19-DVD set."--Container. 
505 0 |a Season 1. V. 1. Disc 1-3 (ca. 10 hrs.) -- V. 2. Discs 4-6 (ca. 10 hrs.) -- Season 2. V. 1. Disc 1-3 (ca. 5 hrs.) -- V. 2. Discs 4-6 (ca. 8.5 hrs.) -- Season 3. Disc 1-4 -- Season 3.5. [Disc 5] (ca. 14 hrs.) -- Bonus features. Disc 1 -- Bonus features. Disc 2. 
500 |a Videorecording. 
650 0 |a Power Rangers (Fictitious characters)  |v Juvenile films. 
650 0 |a Superheroes  |v Juvenile films. 
650 0 |a Teenagers  |v Juvenile films. 
650 0 |a Extraterrestrial beings  |v Juvenile films. 
650 0 |a Human-alien encounters  |v Juvenile films. 
650 0 |a Robots  |v Juvenile films. 
650 0 |a Supernatural  |v Juvenile films. 
650 0 |a Good and evil  |v Juvenile films. 
655 7 |a Children's television programs.  |2 lcgft 
655 7 |a Science fiction television programs.  |2 lcgft 
655 7 |a Fantasy television programs.  |2 lcgft 
655 7 |a Video recordings for the hearing impaired.  |2 lcgft 
700 1 |a Johnson, Amy Jo,  |e actor. 
700 1 |a Horvitz, Richard,  |d 1966-  |e actor. 
700 1 |a Yost, David  |c (Actor),  |e actor. 
700 1 |a Ward, Brian  |c (Producer) 
710 2 |a Shout! Factory (Firm) 
710 2 |a Saban Entertainment (Firm) 
730 0 |a Mighty Morphin Power Rangers (Television program) 
948 |a cataloged  |b h  |c 2013/1/15  |d o  |e tchubaryan  |f 10:16:41 am 
994 |a C0  |b TXA 
999 |a MARS 
999 f f |s 338d3850-4dce-35ee-b3c0-3ca50d06788b  |i fedc2e89-68e8-3e86-bd8d-e895e8e6d693  |t 0 
952 f f |p dvd  |a Texas A&M University  |b College Station  |c Sterling C. Evans Library  |d Evans: Media and Reserves (Annex 1st floor)  |t 0  |e PN1992.77.M542 M54 2012  |h Library of Congress classification  |i video -- videodisc  |k season 3/3.5  |m A14841626935 
952 f f |p dvd  |a Texas A&M University  |b College Station  |c Sterling C. Evans Library  |d Evans: Media and Reserves (Annex 1st floor)  |t 0  |e PN1992.77.M542 M54 2012  |h Library of Congress classification  |i video -- videodisc  |k season 2:v.1  |m A14841626854 
952 f f |p dvd  |a Texas A&M University  |b College Station  |c Sterling C. Evans Library  |d Evans: Media and Reserves (Annex 1st floor)  |t 0  |e PN1992.77.M542 M54 2012  |h Library of Congress classification  |i video -- videodisc  |k season 1:v.1  |m A14841626773 
952 f f |p dvd  |a Texas A&M University  |b College Station  |c Sterling C. Evans Library  |d Evans: Media and Reserves (Annex 1st floor)  |t 0  |e PN1992.77.M542 M54 2012  |h Library of Congress classification  |i video -- videodisc  |k booklet  |m A14841627012 
952 f f |p dvd  |a Texas A&M University  |b College Station  |c Sterling C. Evans Library  |d Evans: Media and Reserves (Annex 1st floor)  |t 0  |e PN1992.77.M542 M54 2012  |h Library of Congress classification  |i video -- videodisc  |k season 1:v.2  |m A14841626812 
952 f f |p dvd  |a Texas A&M University  |b College Station  |c Sterling C. Evans Library  |d Evans: Media and Reserves (Annex 1st floor)  |t 0  |e PN1992.77.M542 M54 2012  |h Library of Congress classification  |i video -- videodisc  |k bonus features  |m A14841626977 
952 f f |p dvd  |a Texas A&M University  |b College Station  |c Sterling C. Evans Library  |d Evans: Media and Reserves (Annex 1st floor)  |t 0  |e PN1992.77.M542 M54 2012  |h Library of Congress classification  |i video -- videodisc  |k season 2:v.2  |m A14841626896 
998 f f |a PN1992.77.M542 M54 2012  |s season 1-3.5  |t 0  |l Evans: Media and Reserves (Annex 1st floor)